Diccionario de sinónimos y antónimos (Registro nro. 13264)

Detalles MARC
000 -Cabecera
Campo de control de longitud fija 00463nam a22001937a 4500
005 - Fecha y hora de la última transacción
Campo de control 20250207161922.0
008 - Elementos de longitud fija--Información general
Campo de control de longitud fija 220317b2001 xxu||||| |||| 00| 0 spa d
020 ## - International Standard Book Number
Número Internacional Estándar del Libro (ISBN) 9706513299
041 ## - Idioma
Código de idioma Español
082 ## - Clasificación Decimal Dewey
Número de clasificación R 413.1 D545d
245 ## - Título propiamente dicho
Título Diccionario de sinónimos y antónimos
260 ## - Pie de imprenta
Lugar de publicación, distribución, etc. España
260 ## - Pie de imprenta
Nombre del editor, distribuidor, etc. Océano
260 ## - Pie de imprenta
Fecha de publicación, distribución, etc. 2001
300 ## - Descripción física
Extensión 790 páginas
650 ## - Materia general
Temática (materia general) DICCIONARIOS
650 ## - Materia general
Temática (materia general) SINÓNIMOS Y ANTÓNIMOS
942 ## - Punto de acceso adicional KOHA
Tipo de ítem KOHA Referencia
Fuente del sistema de clasificación o colocación Dewey Decimal Classification
Existencias
Signatura completa Código de barras Tipo de ítem
R 413.1 D545d 7135 Referencia